Tokyo Drifting - Statistics

General Stats
  • This quiz has been taken 8 times
  • The average score is 30 of 345
Answer Stats
Answer % Correct
to
71%
I
57%
Tokyo
57%
if
43%
If
43%
in
43%
know
43%
the
43%
you
43%
You
43%
G
29%
it
29%
live
29%
they
29%
a
14%
go
14%
He
14%
he
14%
is
14%
then
14%
what
14%
When
14%
40
0%
about
0%
Ain't
0%
al
0%
all
0%
alright
0%
and
0%
And
0%
aquatic
0%
Ayy
0%
back
0%
be
0%
beatin
0%
better
0%
bout
0%
boy
0%
bullshit
0%
but
0%
But
0%
Chrome
0%
Clear
0%
clip
0%
club
0%
Davey's
0%
Diamonds
0%
doesn't
0%
drank
0%
Driftin
0%
driftin
0%
(driftin)
0%
drifting
0%
drippin
0%
Drug
0%
dust
0%
eighty
0%
everybody
0%
Everything
0%
extended
0%
fast
0%
faster
0%
feel
0%
feet
0%
fire
0%
floor
0%
footwear
0%
Fresh
0%
gears
0%
Get
0%
get
0%
give
0%
got
0%
gotta
0%
heart
0%
Heart
0%
his
0%
hits
0%
hubs
0%
Huh
0%
huh
0%
I'd
0%
I'm
0%
Jordan
0%
keep
0%
Let
0%
lettin
0%
life
0%
like
0%
listen
0%
loose
0%
lust
0%
mouth
0%
my
0%
no
0%
nose
0%
nothin
0%
now
0%
of
0%
Oh
0%
on
0%
onto
0%
Ooh
0%
Or
0%
out
0%
packets
0%
percentage
0%
Pippen
0%
pocket
0%
pushin
0%
put
0%
race
0%
rather
0%
really
0%
rip
0%
rocket
0%
rolls
0%
rug
0%
Scoot
0%
score
0%
smoke
0%
spend
0%
spider
0%
spinners
0%
spokes
0%
spout
0%
still
0%
streetfighter
0%
Suck
0%
super
0%
take
0%
talk
0%
talkin
0%
tear
0%
teeth
0%
tequila
0%
that
0%
things
0%
this
0%
tire
0%
trout
0%
try
0%
twelve
0%
twenty
0%
Two
0%
two
0%
up
0%
walk
0%
wanna
0%
Wavey
0%
windows
0%
with
0%
wrist
0%
yeah
0%
your
0%
you're
0%
No matching quizzes found
Score Distribution
Percent of People with Each Score
Percentile by Number Answered
Your Score History
You have not taken this quiz